| 000 | 00874nam a22002657a 4500 | ||
|---|---|---|---|
| 001 | 61265 | ||
| 003 | UA-OsUOA | ||
| 005 | 20201019164831.0 | ||
| 007 | ta | ||
| 008 | 20090624b un ||||| |||| 00| 0 ukr d | ||
| 020 | _a9789669660510 | ||
| 040 |
_aUA-OsUOA _bukr _cUA-OsUOA _dUA-OsUOA |
||
| 041 | _aukr | ||
| 080 | _a811.161.2(038) | ||
| 090 |
_a811.161.2(038) _bМ50 |
||
| 100 | _aМеншиков І. І. | ||
| 245 |
_aПоетичне слово Кобзаря _bсловник лексичних компонентів |
||
| 260 |
_aК. _bДирекція ФВД _c2008 |
||
| 300 | _a211 с. | ||
| 650 | 7 |
_a8 Мовознавство. Художня література. Літературознавство _2UDC |
|
| 700 | _aПідмогильна Н. В. | ||
| 942 |
_cBK _2udc |
||
| 955 | _a2 | ||
| 999 |
_c347223 _d347223 |
||